[Event "FIDE Open World Blitz 2021"]
[Site "Warsaw"]
[Date "2021.12.29"]
[Round "9.31"]
[White "Karjakin, Sergey"]
[Black "Teclaf, Pawel"]
[Result "1-0"]
[WhiteElo "2743"]
[BlackElo "2543"]
[Annotator "ChessBase"]
[PlyCount "71"]
[EventDate "2021.12.29"]
[EventType "swiss"]
[EventCountry "POL"]
[Tiebreak "Cut1 Buchholz"]
[SourceTitle "playchess.com"]
[Source "ChessBase"]
[SourceQuality "1"]

1. e4 c5 2. Nf3 e6 3. d4 cxd4 4. Nxd4 a6 5. Bd3 Bc5 6. Nb3 Ba7 7. Qe2 Nc6 8.
Be3 d6 9. f4 Nf6 10. O-O O-O 11. Bxa7 Rxa7 12. c4 e5 13. f5 a5 14. Nc3 a4 15.
Nd2 Qb6+ 16. Qf2 Qxf2+ 17. Kxf2 Nb4 18. Be2 Bd7 19. Rfd1 Bc6 20. Rac1 a3 21. b3
Rc8 22. Kf3 g6 23. g4 gxf5 24. gxf5 Kf8 25. Nf1 Nxa2 26. Nxa2 Nxe4 27. Ke3 Nc5
28. Nd2 b6 29. b4 Na4 30. Nb1 Nb2 31. Rxd6 Ke7 32. c5 bxc5 33. bxc5 Rb7 34. f6+
Ke8 35. Nbc3 Kf8 36. Bg4 1-0

[Event "FIDE Open World Blitz 2021"]
[Site "Warsaw"]
[Date "2021.12.29"]
[Round "9.31"]
[White "Baum, Jonasz"]
[Black "Nevednichy, Vladislav"]
[Result "0-1"]
[WhiteElo "2157"]
[BlackElo "2379"]
[Annotator "NA"]
[PlyCount "84"]
[EventDate "2021.12.29"]
[EventType "swiss"]
[EventCountry "POL"]
[Tiebreak "Cut1 Buchholz"]
[SourceTitle "playchess.com"]
[Source "ChessBase"]
[SourceQuality "1"]

1. d4 d6 2. Nf3 Nf6 3. c4 g6 4. Nc3 Bg7 5. Bg5 h6 6. Bh4 O-O 7. e3 c5 8. d5 Qb6
9. Qc2 a6 10. Bd3 Bg4 11. h3 Bd7 12. g4 Qa5 13. O-O b5 14. Ne4 bxc4 15. Bxc4
Nxe4 16. Qxe4 Re8 17. Rac1 Bc8 18. g5 h5 19. Bg3 Bxh3 20. Rfe1 Nd7 21. b3 Qxa2
22. Qd3 Qb2 23. Rc2 Qa3 24. Qe2 Bg4 25. Ra2 Qb4 26. Rb1 Be5 27. Kg2 Bxg3 28.
Kxg3 Ne5 29. Ra4 Qb8 30. Nxe5 Bxe2 31. Nc6 Qc8 32. Bxe2 e6 33. Bf3 exd5 34.
Bxd5 Qf5 35. e4 Qxg5+ 36. Kh2 Qd2 37. Kg2 h4 38. Rh1 Qg5+ 39. Kf1 a5 40. Rh3
Qg4 41. Rh2 h3 42. Ra3 Qd1# 0-1

[Event "FIDE Open World Blitz 2021"]
[Site "Warsaw"]
[Date "2021.12.29"]
[Round "9.32"]
[White "Petrosyan, Manuel"]
[Black "Peng, Li Min"]
[Result "1/2-1/2"]
[WhiteElo "2599"]
[BlackElo "2412"]
[Annotator "ChessBase"]
[PlyCount "89"]
[EventDate "2021.12.29"]
[EventType "swiss"]
[EventCountry "POL"]
[Tiebreak "Cut1 Buchholz"]
[SourceTitle "playchess.com"]
[Source "ChessBase"]
[SourceQuality "1"]

1. d4 Nf6 2. Nf3 g6 3. c4 Bg7 4. g3 c6 5. Bg2 d5 6. O-O O-O 7. b3 Bf5 8. Bb2
Nbd7 9. Nc3 e6 10. Nh4 Re8 11. Nxf5 gxf5 12. Qc2 Qb6 13. Rad1 Qa6 14. Qd3 Nb6
15. cxd5 Qxd3 16. Rxd3 cxd5 17. Nb5 Rec8 18. Rc1 Rxc1+ 19. Bxc1 Rc8 20. Rc3
Rxc3 21. Nxc3 Ne4 22. Nxe4 fxe4 23. e3 f5 24. h3 Bf8 25. g4 Kf7 26. f3 Bb4 27.
Kf2 Nc8 28. a3 Bd6 29. f4 Ne7 30. Bf1 a6 31. Be2 Nc6 32. g5 Na5 33. Bd1 b5 34.
h4 Nc6 35. Bh5+ Ke7 36. Bd1 Kf7 37. Ke1 Bc7 38. Kd2 Ba5+ 39. Ke2 Bc7 40. Bb2
Bd6 41. Kd2 Bc7 42. Bc3 Bd6 43. Bb2 Be7 44. Bh5+ Kf8 45. Kc2 1/2-1/2

[Event "FIDE Open World Blitz 2021"]
[Site "Warsaw"]
[Date "2021.12.29"]
[Round "9.32"]
[White "Blanco Acevedo, Cristobal Jose"]
[Black "Petrovskyi, Vadym"]
[Result "0-1"]
[WhiteElo "2350"]
[BlackElo "2377"]
[Annotator "NA"]
[PlyCount "72"]
[EventDate "2021.12.29"]
[EventType "swiss"]
[EventCountry "POL"]
[Tiebreak "Cut1 Buchholz"]
[SourceTitle "playchess.com"]
[Source "ChessBase"]
[SourceQuality "1"]

1. c4 Nf6 2. Nc3 g6 3. e4 d6 4. g3 Bg7 5. Bg2 O-O 6. Nge2 c5 7. d3 Nc6 8. h3
Rb8 9. O-O a6 10. a4 e6 11. Be3 Re8 12. d4 Qc7 13. dxc5 dxc5 14. Bxc5 Rd8 15.
Qc1 Na5 16. Qe3 Nxc4 17. Qg5 h6 18. Qh4 Qxc5 19. Rac1 Qg5 20. f4 Qc5+ 21. Kh2
g5 22. fxg5 hxg5 23. b4 Qe5 24. Rxf6 gxh4 25. Rf4 hxg3+ 26. Kh1 Ne3 27. Bf3 Bh6
28. Rh4 Bg5 29. Rh5 g2+ 30. Kg1 Qg7 31. e5 Nf5 32. Rb1 Be3+ 33. Kh2 Qxe5+ 34.
Kxg2 b5 35. Bg4 Bb7+ 36. Kf1 Qh2 0-1

[Event "FIDE Open World Blitz 2021"]
[Site "Warsaw"]
[Date "2021.12.29"]
[Round "9.33"]
[White "Tang, Andrew"]
[Black "Dreev, Aleksey"]
[Result "1-0"]
[WhiteElo "2588"]
[BlackElo "2635"]
[Annotator "ChessBase"]
[PlyCount "125"]
[EventDate "2021.12.29"]
[EventType "swiss"]
[EventCountry "POL"]
[Tiebreak "Cut1 Buchholz"]
[SourceTitle "playchess.com"]
[Source "ChessBase"]
[SourceQuality "1"]

1. d4 d5 2. Bf4 c5 3. e3 cxd4 4. exd4 Nc6 5. Nf3 Bg4 6. c3 e6 7. Nbd2 Bd6 8.
Bxd6 Qxd6 9. Be2 Nge7 10. O-O O-O 11. Re1 Ng6 12. h3 Bf5 13. Bf1 Nf4 14. Nh4
Bd3 15. Qg4 Rae8 16. Qg3 Bxf1 17. Nxf1 Qb8 18. Re3 Ng6 19. Qg4 Qf4 20. Nxg6
Qxg4 21. hxg4 hxg6 22. Rae1 g5 23. Nh2 Nd8 24. g3 f6 25. f4 gxf4 26. gxf4 Kf7
27. Kg2 b6 28. Nf3 Nb7 29. g5 Nd6 30. g6+ Kxg6 31. Rxe6 Ne4 32. Nh4+ Kf7 33.
Rc6 Rc8 34. Rxc8 Rxc8 35. Nf5 Rc7 36. Ne3 Ke6 37. Kf3 g6 38. Rh1 Nd2+ 39. Ke2
Nc4 40. Nd1 Re7 41. b3 Kf5+ 42. Kd3 Nd6 43. Ne3+ Ke6 44. Rg1 Nf5 45. Ng4 Kf7
46. Rh1 Kg7 47. Rf1 b5 48. a4 bxa4 49. bxa4 Rb7 50. Re1 Kf7 51. Rh1 Kg7 52. Nf2
Re7 53. Ng4 Nd6 54. Ne3 Rd7 55. Nxd5 Nf5 56. Nb4 g5 57. Rg1 Kg6 58. Nc6 Kh5 59.
fxg5 fxg5 60. Ne5 Re7 61. c4 Nh4 62. c5 Rg7 63. Ke4 1-0

[Event "FIDE Open World Blitz 2021"]
[Site "Warsaw"]
[Date "2021.12.29"]
[Round "9.33"]
[White "Heberla, Bartlomiej"]
[Black "Gluszko, Tomasz"]
[Result "1-0"]
[WhiteElo "2373"]
[BlackElo "2086"]
[Annotator "NA"]
[PlyCount "61"]
[EventDate "2021.12.29"]
[EventType "swiss"]
[EventCountry "POL"]
[Tiebreak "Cut1 Buchholz"]
[SourceTitle "playchess.com"]
[Source "ChessBase"]
[SourceQuality "1"]

1. d4 Nf6 2. Nf3 g6 3. Nbd2 c5 4. dxc5 Qa5 5. a3 Nc6 6. Rb1 Qxc5 7. b4 Qb6 8.
Bb2 Bg7 9. e3 O-O 10. c4 d6 11. Be2 Bf5 12. Rc1 Rfd8 13. Nd4 Bd7 14. O-O a6 15.
Qb3 Rac8 16. Qa2 e5 17. N4b3 Be6 18. Qa1 d5 19. Nc5 Bf5 20. cxd5 Nxd5 21. Nc4
Qa7 22. Bf3 Nb6 23. Nxe5 Nxe5 24. Bxe5 Bxe5 25. Qxe5 Re8 26. Qf4 Re7 27. Qd4
Nd7 28. Nxd7 Qxd4 29. Rxc8+ Kg7 30. exd4 Bxd7 31. Rc7 1-0

[Event "FIDE Open World Blitz 2021"]
[Site "Warsaw"]
[Date "2021.12.29"]
[Round "9.34"]
[White "Santos Latasa, Jaime"]
[Black "Vidit, Santosh Gujrathi"]
[Result "1/2-1/2"]
[WhiteElo "2561"]
[BlackElo "2727"]
[Annotator "ChessBase"]
[PlyCount "56"]
[EventDate "2021.12.29"]
[EventType "swiss"]
[EventCountry "POL"]
[Tiebreak "Cut1 Buchholz"]
[SourceTitle "playchess.com"]
[Source "ChessBase"]
[SourceQuality "1"]

1. e4 e5 2. Nf3 Nc6 3. Bb5 Nf6 4. O-O Nxe4 5. Re1 Nd6 6. Nxe5 Be7 7. Bf1 Nxe5
8. Rxe5 O-O 9. Nc3 Bf6 10. Re1 Re8 11. Nd5 Rxe1 12. Qxe1 b6 13. d3 Bb7 14.
Nxf6+ Qxf6 15. f3 Re8 16. Qf2 c5 17. c3 Ba6 18. Bd2 Qg6 19. c4 Nf5 20. Re1 Re6
21. Bc3 Bb7 22. Rxe6 fxe6 23. b4 d6 24. d4 cxd4 25. Bxd4 Nxd4 26. Qxd4 e5 27.
Qd3 Qxd3 28. Bxd3 h6 1/2-1/2

[Event "FIDE Open World Blitz 2021"]
[Site "Warsaw"]
[Date "2021.12.29"]
[Round "9.34"]
[White "Laith, Kasib"]
[Black "Jakubowski, Krzysztof"]
[Result "0-1"]
[WhiteElo "2010"]
[BlackElo "2373"]
[Annotator "NA"]
[PlyCount "84"]
[EventDate "2021.12.29"]
[EventType "swiss"]
[EventCountry "POL"]
[Tiebreak "Cut1 Buchholz"]
[SourceTitle "playchess.com"]
[Source "ChessBase"]
[SourceQuality "1"]

1. Nf3 Nf6 2. g3 d5 3. Bg2 Bf5 4. O-O e6 5. d3 Be7 6. Nbd2 h6 7. Qe1 O-O 8. e4
dxe4 9. dxe4 Bh7 10. b3 a5 11. a3 Nbd7 12. Bb2 Nc5 13. Ne5 c6 14. Qe2 Qc7 15.
f4 Rad8 16. Kh1 Qb6 17. Nec4 Qa6 18. f5 exf5 19. exf5 Rfe8 20. Qf3 b5 21. b4
bxc4 22. bxc5 Rxd2 23. Qxc6 Qxc6 24. Bxc6 Rc8 25. Bb7 Rxc5 26. Rac1 Bxf5 27.
Rfe1 Rc7 28. Bc3 Rf2 29. Bg2 Rxc2 30. Bxa5 Rxc1 31. Rxc1 Rd7 32. h3 Bd3 33. Bb4
Bxb4 34. axb4 Nd5 35. b5 Ne3 36. Bc6 Rc7 37. Re1 Nc2 38. Re8+ Kh7 39. Rb8 Nd4
40. Bd5 Rd7 41. Bc6 Nxc6 42. bxc6 Rc7 0-1

[Event "FIDE Open World Blitz 2021"]
[Site "Warsaw"]
[Date "2021.12.29"]
[Round "9.35"]
[White "Asadli, Vugar"]
[Black "Sychev, Klementy"]
[Result "1-0"]
[WhiteElo "2386"]
[BlackElo "2615"]
[Annotator "ChessBase"]
[PlyCount "107"]
[EventDate "2021.12.29"]
[EventType "swiss"]
[EventCountry "POL"]
[Tiebreak "Cut1 Buchholz"]
[SourceTitle "playchess.com"]
[Source "ChessBase"]
[SourceQuality "1"]

1. e4 c5 2. Nc3 e6 3. Nf3 Nc6 4. d4 cxd4 5. Nxd4 Nf6 6. Be2 d6 7. O-O Be7 8.
Be3 O-O 9. f4 Qc7 10. Qe1 a6 11. a4 Nxd4 12. Bxd4 e5 13. Be3 Be6 14. a5 exf4
15. Bxf4 Rac8 16. Ra4 Nd7 17. Qg3 Ne5 18. Bh6 Ng6 19. Be3 Kh8 20. Bb6 Qc6 21.
Rd4 Rfe8 22. Rd2 Ne5 23. Bd4 Qc7 24. b4 Rg8 25. h3 Nc4 26. Bxc4 Qxc4 27. Nd5
Bf8 28. Nb6 Qc6 29. Nxc8 Qxc8 30. c3 Be7 31. Rdf2 Qe8 32. Rf4 f6 33. R4f2 Bc4
34. Rd1 Qh5 35. Qg4 Qxg4 36. hxg4 h6 37. Be3 Be6 38. Bf4 Bxg4 39. Rd3 Rc8 40.
Rc2 Rc6 41. c4 f5 42. e5 dxe5 43. Bxe5 Re6 44. Bc3 f4 45. Rc1 Kh7 46. Re1 Rxe1+
47. Bxe1 Bf6 48. Bc3 Bf5 49. Rf3 Bg4 50. Bxf6 Bxf3 51. gxf3 gxf6 52. b5 Kg7 53.
c5 axb5 54. c6 1-0

[Event "FIDE Open World Blitz 2021"]
[Site "Warsaw"]
[Date "2021.12.29"]
[Round "9.35"]
[White "Kuzmicz, Krystian"]
[Black "Lopusiewicz, Piotr"]
[Result "1-0"]
[WhiteElo "2281"]
[BlackElo "2279"]
[Annotator "NA"]
[PlyCount "122"]
[EventDate "2021.12.29"]
[EventType "swiss"]
[EventCountry "POL"]
[Tiebreak "Cut1 Buchholz"]
[SourceTitle "playchess.com"]
[Source "ChessBase"]
[SourceQuality "1"]

1. e4 e5 2. Nf3 Nc6 3. Nc3 Nf6 4. a3 d5 5. Bb5 dxe4 6. Nxe5 Qd6 7. d4 exd3 8.
Bf4 d2+ 9. Qxd2 Qxd2+ 10. Kxd2 a6 11. Ba4 Bd7 12. Nxc6 Bxc6 13. Bxc6+ bxc6 14.
Bxc7 Bc5 15. Rhe1+ Kd7 16. Bg3 h5 17. f3 h4 18. Be5 Rad8 19. Rad1 Ke6+ 20. Bd4+
Kf5 21. Re5+ Kg6 22. Rxc5 Rxd4+ 23. Ke2 Re8+ 24. Kf2 Rxd1 25. Nxd1 Re6 26. Ne3
Nd7 27. Rc4 Kg5 28. Rg4+ Kf6 29. Rxh4 g5 30. Ra4 c5 31. Rc4 Rc6 32. b3 Ke6 33.
Re4+ Kd6 34. Nc4+ Kc7 35. Re7 f6 36. Rf7 Kd8 37. Rh7 Nb6 38. Nxb6 Rxb6 39. g3
c4 40. b4 a5 41. c3 axb4 42. axb4 Rd6 43. Rf7 Rd2+ 44. Ke3 Rd3+ 45. Ke4 Rxc3
46. Rxf6 Rb3 47. Rb6 c3 48. Kd3 Ke7 49. b5 c2+ 50. Kxc2 Rxf3 51. Rh6 Rf5 52. b6
Kf7 53. b7 Rc5+ 54. Kd2 Rd5+ 55. Ke2 Rd8 56. Rc6 Rb8 57. Rc7+ Kf6 58. Kf3 Kf5
59. h3 Ke5 60. Kg4 Kd6 61. Rg7 Kd5 1-0

[Event "FIDE Open World Blitz 2021"]
[Site "Warsaw"]
[Date "2021.12.29"]
[Round "9.36"]
[White "Blohberger, Felix"]
[Black "Harikrishna, Pentala"]
[Result "1/2-1/2"]
[WhiteElo "2490"]
[BlackElo "2614"]
[Annotator "ChessBase"]
[PlyCount "67"]
[EventDate "2021.12.29"]
[EventType "swiss"]
[EventCountry "POL"]
[Tiebreak "Cut1 Buchholz"]
[SourceTitle "playchess.com"]
[Source "ChessBase"]
[SourceQuality "1"]

1. d4 Nf6 2. Nf3 d5 3. Bf4 Bf5 4. c4 e6 5. Nc3 Bb4 6. Qa4+ Nc6 7. Ne5 O-O 8.
Nxc6 Bxc3+ 9. bxc3 bxc6 10. Qxc6 Qb8 11. f3 Qb2 12. Rc1 Qxa2 13. g4 Bg6 14. h4
h5 15. g5 Ne8 16. Qxa8 Nd6 17. Qc6 Nxc4 18. e4 Rb8 19. Rh2 Nb2 20. Qa6 Qb3 21.
Bxc7 dxe4 22. Bxb8 Qxb8 23. Rxb2 Qxb2 24. Qa1 Qh2 25. fxe4 Bxe4 26. Qxa7 Qxh4+
27. Kd1 Qf2 28. Qb8+ Kh7 29. Be2 Qg1+ 30. Kd2 Qxg5+ 31. Kd1 Qg1+ 32. Kd2 Qg5+
33. Kd1 Qg1+ 34. Kd2 1/2-1/2

[Event "FIDE Open World Blitz 2021"]
[Site "Warsaw"]
[Date "2021.12.29"]
[Round "9.36"]
[White "Yunusov, Mukhammad"]
[Black "Aditya, Mittal"]
[Result "0-1"]
[WhiteElo "1874"]
[BlackElo "2245"]
[Annotator "NA"]
[PlyCount "76"]
[EventDate "2021.12.29"]
[EventType "swiss"]
[EventCountry "POL"]
[Tiebreak "Cut1 Buchholz"]
[SourceTitle "playchess.com"]
[Source "ChessBase"]
[SourceQuality "1"]

1. e4 c5 2. Nf3 d6 3. d4 cxd4 4. Nxd4 Nf6 5. Nc3 a6 6. Be2 e5 7. Nb3 Be7 8. a4
Be6 9. O-O O-O 10. Be3 Nc6 11. f4 Nb4 12. f5 Bxb3 13. cxb3 d5 14. exd5 Nfxd5
15. Nxd5 Nxd5 16. Bf2 e4 17. Bc4 Nf6 18. Qe2 Qc7 19. Rfe1 Bc5 20. Rad1 Rfe8 21.
Kh1 Rad8 22. Bg3 Qe7 23. Bh4 e3 24. Rxd8 Rxd8 25. Rd1 h6 26. h3 Rxd1+ 27. Qxd1
Qe5 28. Qd8+ Ne8 29. Qd7 Nd6 30. Qd8+ Kh7 31. Be2 Nxf5 32. Be1 Bd6 33. g3 Nxg3+
34. Bxg3 Qxg3 35. Bd3+ g6 36. Bxg6+ Qxg6 37. Qd7 e2 38. Qe8 Qe6 0-1

[Event "FIDE Open World Blitz 2021"]
[Site "Warsaw"]
[Date "2021.12.29"]
[Round "9.37"]
[White "Matlakov, Maxim"]
[Black "Thybo, Jesper Sondergaard"]
[Result "1/2-1/2"]
[WhiteElo "2614"]
[BlackElo "2195"]
[Annotator "ChessBase"]
[PlyCount "107"]
[EventDate "2021.12.29"]
[EventType "swiss"]
[EventCountry "POL"]
[Tiebreak "Cut1 Buchholz"]
[SourceTitle "playchess.com"]
[Source "ChessBase"]
[SourceQuality "1"]

1. e4 c5 2. Nf3 d6 3. d4 cxd4 4. Nxd4 Nf6 5. Nc3 Nc6 6. Bg5 e6 7. Bb5 Bd7 8.
Qd3 Be7 9. O-O-O Qb6 10. Bxc6 Bxc6 11. f4 O-O 12. Kb1 Rfe8 13. g4 d5 14. e5 Ne4
15. Bxe7 Nf2 16. Qe3 Nxd1 17. Rxd1 Rxe7 18. f5 exf5 19. gxf5 Rae8 20. e6 fxe6
21. Qg3 e5 22. Ne6 Rxe6 23. fxe6 d4 24. Rg1 Qc7 25. Ne2 Rxe6 26. Nxd4 Rg6 27.
Qb3+ Qf7 28. Rxg6 hxg6 29. Nxc6 bxc6 30. Kc1 Qd5 31. Qxd5+ cxd5 32. Kd2 Kf7 33.
Kd3 Ke6 34. b4 Kd6 35. a4 a6 36. h4 Kc6 37. c3 Kd6 38. Ke3 Kc6 39. Kf3 Kd6 40.
Kg4 d4 41. cxd4 exd4 42. Kf3 Kd5 43. b5 axb5 44. axb5 Kc5 45. Ke4 Kxb5 46. Kxd4
Kc6 47. Ke5 Kd7 48. Kf4 Ke7 49. Kg5 Kf7 50. Kg4 Kg8 51. Kg5 Kh7 52. h5 gxh5 53.
Kxh5 g5 54. Kxg5 1/2-1/2

[Event "FIDE Open World Blitz 2021"]
[Site "Warsaw"]
[Date "2021.12.29"]
[Round "9.37"]
[White "Masternak, Grzegorz"]
[Black "Sallam, Sabri Abdul-Mawla"]
[Result "1-0"]
[WhiteElo "2188"]
[BlackElo "2194"]
[Annotator "NA"]
[PlyCount "53"]
[EventDate "2021.12.29"]
[EventType "swiss"]
[EventCountry "POL"]
[Tiebreak "Cut1 Buchholz"]
[SourceTitle "playchess.com"]
[Source "ChessBase"]
[SourceQuality "1"]

1. e4 c5 2. Nc3 a6 3. g3 g6 4. Bg2 Bg7 5. d3 Nc6 6. Be3 d6 7. Qd2 e5 8. f4 h5
9. h3 Nge7 10. Nf3 Nd4 11. O-O b5 12. Nh4 b4 13. Nd1 exf4 14. Bxf4 Bb7 15. c3
Ne6 16. Be3 O-O 17. d4 bxc3 18. bxc3 cxd4 19. cxd4 d5 20. e5 Rc8 21. Rb1 Ba8
22. Nf2 Nc6 23. Nf3 Na5 24. Qd3 Nc4 25. Bc1 Qa5 26. g4 Nf4 27. Bxf4 1-0

[Event "FIDE Open World Blitz 2021"]
[Site "Warsaw"]
[Date "2021.12.29"]
[Round "9.38"]
[White "Saraci, Nderim"]
[Black "Vokhidov, Shamsiddin"]
[Result "0-1"]
[WhiteElo "2486"]
[BlackElo "2613"]
[Annotator "ChessBase"]
[PlyCount "66"]
[EventDate "2021.12.29"]
[EventType "swiss"]
[EventCountry "POL"]
[Tiebreak "Cut1 Buchholz"]
[SourceTitle "playchess.com"]
[Source "ChessBase"]
[SourceQuality "1"]

1. Nf3 d5 2. d4 Nf6 3. c4 e6 4. g3 Bb4+ 5. Bd2 Be7 6. Bg2 Nbd7 7. O-O O-O 8.
Qc2 c6 9. Bg5 b6 10. Nbd2 Ba6 11. Rac1 Rc8 12. Rfd1 h6 13. Bxf6 Bxf6 14. Qb3
Bb7 15. e4 c5 16. cxd5 exd5 17. e5 Be7 18. Nb1 cxd4 19. Nxd4 Rxc1 20. Rxc1 Nxe5
21. Nf5 Bc5 22. Rd1 Qf6 23. Ne3 Nf3+ 24. Bxf3 Qxf3 25. Nd2 Qf6 26. Ndf1 Re8 27.
Qd3 Qxb2 28. Rd2 Qe5 29. a4 d4 30. Nc2 Be4 31. Qc4 Rd8 32. a5 Qf6 33. axb6 Qf3
0-1

[Event "FIDE Open World Blitz 2021"]
[Site "Warsaw"]
[Date "2021.12.29"]
[Round "9.39"]
[White "Czarnota, Pawel"]
[Black "Ghaem Maghami, Ehsan"]
[Result "1-0"]
[WhiteElo "2502"]
[BlackElo "2520"]
[Annotator "ChessBase"]
[PlyCount "67"]
[EventDate "2021.12.29"]
[EventType "swiss"]
[EventCountry "POL"]
[Tiebreak "Cut1 Buchholz"]
[SourceTitle "playchess.com"]
[Source "ChessBase"]
[SourceQuality "1"]

1. e4 c5 2. Nf3 e6 3. d4 cxd4 4. Nxd4 a6 5. Bd3 Nf6 6. Qe2 d6 7. c4 g6 8. Nc3
Bg7 9. O-O O-O 10. Rd1 Qc7 11. Nf3 Nfd7 12. Bf4 Nc6 13. Rac1 Nce5 14. b3 b6 15.
Bb1 Bb7 16. Nxe5 dxe5 17. Bg5 Bf6 18. Rxd7 Qxd7 19. Bxf6 h6 20. Rd1 Qc7 21. Rd3
Rad8 22. Bxd8 Rxd8 23. Rxd8+ Qxd8 24. Qd3 Qc7 25. b4 Kg7 26. g3 h5 27. h4 Qe7
28. a3 Qc7 29. Nd1 Qc6 30. Qc3 f6 31. c5 bxc5 32. bxc5 Qa4 33. Ne3 Bc6 34. Qb4
1-0

[Event "FIDE Open World Blitz 2021"]
[Site "Warsaw"]
[Date "2021.12.29"]
[Round "9.40"]
[White "Korobov, Anton"]
[Black "Chigaev, Maksim"]
[Result "1-0"]
[WhiteElo "2684"]
[BlackElo "2626"]
[Annotator "ChessBase"]
[PlyCount "53"]
[EventDate "2021.12.29"]
[EventType "swiss"]
[EventCountry "POL"]
[Tiebreak "Cut1 Buchholz"]
[SourceTitle "playchess.com"]
[Source "ChessBase"]
[SourceQuality "1"]

1. e4 e6 2. d4 d5 3. Nc3 Bb4 4. e5 Ne7 5. a3 Bxc3+ 6. bxc3 b6 7. Qg4 Ng6 8. Bd3
Ba6 9. Nf3 Bxd3 10. cxd3 c5 11. O-O cxd4 12. cxd4 Nc6 13. a4 Qd7 14. h4 h5 15.
Qg3 Nb4 16. Ba3 Nxd3 17. Ng5 Ndf4 18. Qe3 f6 19. Nf3 Rc8 20. Rfc1 Rxc1+ 21.
Rxc1 Qxa4 22. exf6 gxf6 23. g3 Kd7 24. gxf4 Rg8 25. Kh2 a5 26. Qd3 Nxf4 27.
Qh7+ 1-0

[Event "FIDE Open World Blitz 2021"]
[Site "Warsaw"]
[Date "2021.12.29"]
[Round "9.41"]
[White "Vakhidov, Jakhongir"]
[Black "Fridman, Daniel"]
[Result "0-1"]
[WhiteElo "2557"]
[BlackElo "2626"]
[Annotator "ChessBase"]
[PlyCount "78"]
[EventDate "2021.12.29"]
[EventType "swiss"]
[EventCountry "POL"]
[Tiebreak "Cut1 Buchholz"]
[SourceTitle "playchess.com"]
[Source "ChessBase"]
[SourceQuality "1"]

1. c4 e6 2. Nc3 d5 3. d4 c5 4. cxd5 cxd4 5. Qa4+ Bd7 6. Qxd4 exd5 7. Qxd5 Nc6
8. Nf3 Nf6 9. Qb3 Bc5 10. e3 O-O 11. Be2 Be6 12. Qc2 Nb4 13. Qb1 Nfd5 14. O-O
Nxc3 15. bxc3 Nd5 16. Bb2 Nb6 17. Nd4 Bc4 18. Qc2 Rc8 19. Rfd1 Qf6 20. Bf3 Rc7
21. a4 a6 22. a5 Nd7 23. Qa4 Ne5 24. Ba3 Bxd4 25. Rxd4 Nxf3+ 26. gxf3 Rfc8 27.
Qd1 Be6 28. Bb4 h5 29. Qe2 Bd7 30. Rf4 Qe6 31. Kh1 Bb5 32. Qc2 Rc4 33. Qf5 Rxf4
34. Qxf4 Rc4 35. Qb8+ Kh7 36. Rg1 Bc6 37. e4 Rxe4 38. Qf8 Rg4 39. Rg3 Bxf3+ 0-1

[Event "FIDE Open World Blitz 2021"]
[Site "Warsaw"]
[Date "2021.12.29"]
[Round "9.42"]
[White "Tazbir, Marcin"]
[Black "Paravyan, David"]
[Result "0-1"]
[WhiteElo "2508"]
[BlackElo "2642"]
[Annotator "ChessBase"]
[PlyCount "91"]
[EventDate "2021.12.29"]
[EventType "swiss"]
[EventCountry "POL"]
[Tiebreak "Cut1 Buchholz"]
[SourceTitle "playchess.com"]
[Source "ChessBase"]
[SourceQuality "1"]

1. c4 Nf6 2. g3 g6 3. Bg2 Bg7 4. Nc3 O-O 5. d3 e6 6. e4 d5 7. e5 Nfd7 8. f4
dxc4 9. dxc4 Nc5 10. Qxd8 Rxd8 11. Nf3 Nd3+ 12. Ke2 Nc6 13. Rd1 Nxc1+ 14. Raxc1
Bd7 15. Ne4 Ne7 16. Nd4 Rac8 17. Nc5 b6 18. Nxd7 Rxd7 19. Nb5 Rxd1 20. Rxd1 c6
21. Nxa7 Rc7 22. Rd8+ Bf8 23. Ra8 Kg7 24. b4 b5 25. c5 h6 26. Be4 g5 27. Kd3
Rd7+ 28. Kc3 Rc7 29. Kb3 gxf4 30. gxf4 h5 31. a4 bxa4+ 32. Kxa4 h4 33. b5 cxb5+
34. Kxb5 Nd5 35. c6 Nc3+ 36. Kb6 Re7 37. Bf3 Na4+ 38. Kb5 Nc3+ 39. Kb4 Rxa7+
40. Kxc3 Rxa8 41. Kc4 Be7 42. Kb5 Rc8 43. Kb6 Bd8+ 44. Kb5 Rb8+ 45. Kc5 Bc7 46.
Kd4 0-1

[Event "FIDE Open World Blitz 2021"]
[Site "Warsaw"]
[Date "2021.12.29"]
[Round "9.43"]
[White "Tari, Aryan"]
[Black "Jumabayev, Rinat"]
[Result "0-1"]
[WhiteElo "2649"]
[BlackElo "2658"]
[Annotator "ChessBase"]
[PlyCount "94"]
[EventDate "2021.12.29"]
[EventType "swiss"]
[EventCountry "POL"]
[Tiebreak "Cut1 Buchholz"]
[SourceTitle "playchess.com"]
[Source "ChessBase"]
[SourceQuality "1"]

1. e4 e6 2. d4 d5 3. Nc3 Nf6 4. e5 Nfd7 5. f4 c5 6. Nf3 Nc6 7. Be3 a6 8. Qd2 b5
9. Nd1 b4 10. Be2 Be7 11. O-O O-O 12. c3 a5 13. Bf2 Ba6 14. Bxa6 Rxa6 15. f5
exf5 16. Ne3 bxc3 17. bxc3 cxd4 18. cxd4 Nb6 19. Nxf5 Nc4 20. Qf4 Nb4 21. N3h4
Bg5 22. Qg4 Nd2 23. Nf3 h5 24. Qxh5 g6 25. Qh3 Nxf3+ 26. gxf3 gxf5 27. Kh1 Rg6
28. Rg1 Nd3 29. Raf1 Qc8 30. Bh4 Bxh4 31. Qxh4 Qe6 32. f4 Kg7 33. Qh3 Nb4 34.
Rg2 Rh8 35. Qf3 Nc6 36. Rfg1 Nxd4 37. Qc3 Nc6 38. Qc5 d4 39. Qb6 Rhh6 40. Rg5
Qd5+ 41. R5g2 d3 42. e6 Qxe6 43. Qc5 Qe4 44. Qc3+ Kh7 45. Qb3 Rxh2+ 46. Kxh2
Rh6+ 47. Kg3 Qe3# 0-1

[Event "FIDE Open World Blitz 2021"]
[Site "Warsaw"]
[Date "2021.12.29"]
[Round "9.44"]
[White "Klekowski, Maciej"]
[Black "Howell, David W L"]
[Result "1/2-1/2"]
[WhiteElo "2499"]
[BlackElo "2648"]
[Annotator "ChessBase"]
[PlyCount "132"]
[EventDate "2021.12.29"]
[EventType "swiss"]
[EventCountry "POL"]
[Tiebreak "Cut1 Buchholz"]
[SourceTitle "playchess.com"]
[Source "ChessBase"]
[SourceQuality "1"]

1. c4 Nf6 2. Nc3 c5 3. g3 g6 4. Bg2 Bg7 5. a3 Nc6 6. Rb1 O-O 7. e3 b6 8. Nge2
Bb7 9. O-O Na5 10. Bxb7 Nxb7 11. d4 cxd4 12. Nxd4 Rc8 13. Qe2 d5 14. cxd5 Nxd5
15. Bd2 Nc5 16. Rfd1 Qd7 17. Be1 Nxc3 18. Bxc3 Ne4 19. Bb4 a5 20. Be1 Nd6 21.
Bc3 Ne4 22. Be1 Qb7 23. h4 Nd6 24. a4 Rfd8 25. b4 axb4 26. Rxb4 Qa8 27. Qa2 Rb8
28. Rdb1 Rdc8 29. Nb5 Nf5 30. e4 Nd6 31. Nxd6 exd6 32. Bd2 h5 33. Be3 Re8 34.
Qc4 Rbc8 35. Qd3 Rc3 36. Qd5 Qxd5 37. exd5 Ra3 38. Bxb6 Re5 39. Rd1 Re2 40. a5
Bc3 41. Rb5 Rea2 42. Bc7 Bxa5 43. Bxd6 Ra1 44. Rxa1 Rxa1+ 45. Kg2 Bc3 46. Rc5
Bf6 47. Bc7 Rd1 48. d6 Kg7 49. Kf3 Rd4 50. Ke3 Rd1 51. Rc4 Be5 52. Rc6 Bf6 53.
Ra6 Be5 54. Ke4 Bf6 55. Ra5 Rd4+ 56. Ke3 Rd1 57. f4 Bc3 58. Rb5 Kf6 59. Rb3 Ba1
60. Rd3 Rxd3+ 61. Kxd3 Ke6 62. Kc4 f5 63. Kc5 Kd7 64. Kd5 Bc3 65. Bb6 Be1 66.
Ke5 Bxg3 1/2-1/2